| 000 | 01224nam a2200337 a 4500 | ||
|---|---|---|---|
| 001 | |||
| 003 | |||
| 005 | 20220621114208.0 | ||
| 008 | 140324s2010 dr r 000 j spa d | ||
| 020 | _a9789945412475 | ||
| 040 |
_aBPMSU _bspa _cBPMSU |
||
| 082 |
_aRD861.08 _222 _bP925p, 2009 |
||
| 111 | 2 |
_aPremios Funglode Poesía _d(2010 : _cSanto Domingo) |
|
| 245 | 1 | 0 |
_aPremio de Poesía Pedro Mir / _cAdrían Javier Angulo |
| 246 | 1 | 3 | _aLo terrible adentro |
| 260 |
_aSanto Domingo : _bFUNGLODE, _c2010 |
||
| 300 |
_a87 p. ; _c26 cm. |
||
| 490 | 0 | _aPremios Funglode/GFDD 2010 | |
| 500 | _aIncluye datos biográficos del autor | ||
| 505 | 0 |
_aPremio único : Adrían Javier _r |
|
| 586 | _aPremios FUNGLODE /GFDD 2010 | ||
| 590 | _aInventariado, 2021/VM | ||
| 650 | 4 | _aPoesía dominicana | |
| 650 | 4 | _aLiteratura dominicana. | |
| 650 | 4 | _aPremios literarios | |
| 650 | 4 | _aCertámenes literarios | |
| 700 | 1 | 2 | _aJavier, Adrían |
| 710 | 2 | _aFundación Global Democracía y Desarrollo (República Dominicana) | |
| 910 | _aVMateo | ||
| 942 |
_2ddc _cBK |
||
| 999 |
_c13564 _d13564 |
||